| Поле | Инд. | ПП | Название | Значение |
|---|---|---|---|---|
| Тип записи | a | |||
| Библиографический уровень | b | |||
| 001 | Контрольный номер | 1b7707bbd86d405291c18b96688af596 | ||
| 005 | Дата корректировки | 20220413170302.9 | ||
| 040 | a | Служба первич. каталог. | Scopus | |
| 041 | 0_ | a | Код языка текста | rus |
| 097 | a | Костяева О.Г. | ||
| 100 | 1_ | a | Автор | Hwan J. K. |
| 100 | 1_ | a | Автор | Ramayya A. V. |
| 100 | 1_ | a | Автор | Ter-Akopian G. M. |
| g | Прочие сведения | РИНЦ AuthorID: 23906 (http://elibrary.ru/author_profile.asp?id= 23906); Scopus Author ID: 7006139367 (https://www.scopus.com/authid/detail.uri?authorId=7006139367) | ||
| i | 000091259 | |||
| q | Полное имя | Тер-Акопьян Гурген Мкртычевич | ||
| u | Дополнение | Тер-Акопьян Г. М.; Ter-Akopian Gurgen M. | ||
| 100 | 1_ | q | Полное имя | Оганесян Юрий Цолакович |
| g | Прочие сведения | РИНЦ AuthorID: 21136 (http://elibrary.ru/author_profile.asp?id= 21136); Scopus Author ID: 35401658500 (https://www.scopus.com/authid/detail.uri?authorId=35401658500) | ||
| u | Дополнение | Оганесян Ю. Ц.; Oganessian Yu Ts | ||
| a | Автор | Oganessian Yu. Ts. | ||
| i | 000091251 | |||
| 245 | 10 | a | Заглавие | Close doublet structures in 103Mo, 109, 111Ru, and neighbours: Rotation-alignment for the half-filled h11/2 subshell? |
| 550 | a | Прим. об изд. организации | Кафедра ядерной физики; Факультет естественных и инженерных наук | |
| 773 | 18 | t | Название источника | Journal of Physics G: Nuclear and Particle Physics |
| d | Место и дата издания | 1998 | ||
| g | Прочая информация | V.24. - № 1. - P. L9 - L16 | ||
| w | Контрольный № источника | ef8e195b47054011a70e823af1bdce48 | ||
| 901 | t | Тип документа | b | |
| 952 | c | Вид литературы | статья в журнале |